[Event "HSG Open 2014"]
[Site "Hilversum NED"]
[Date "2014.06.21"]
[Round "4.6"]
[White "Ernst, Sipke"]
[Black "Beerdsen, Thomas"]
[Result "1-0"]
[WhiteTitle "GM"]
[WhiteElo "2567"]
[BlackElo "2205"]
[WhiteFideId "1004689"]
[BlackFideId "1030108"]
[EventDate "2014.06.20"]

1. c4 c6 2. Nf3 Nf6 3. Nc3 d5 4. e3 Bg4 5. Qb3 Qb6 6. Ne5 Be6 7. d4 dxc4 8. Bxc4
Bxc4 9. Nxc4 Qc7 10. e4 b5 11. Ne3 e6 12. e5 Nd5 13. Ncxd5 cxd5 14. Qxb5+ Nc6
15. O-O Rb8 16. Qd3 Be7 17. b3 O-O 18. Bb2 a5 19. Rfc1 Qb6 20. Bc3 Rfc8 21. Rab1
Rc7 22. g3 Rbc8 23. Kg2 Qb7 24. Kh3 Nb4 25. Qd2 Nxa2 26. Qxa2 Rxc3 27. Rxc3 Rxc3
28. Qxa5 Rxb3 29. Rxb3 Qxb3 30. Qd2 Bb4 31. Qe2 Qc3 32. Qd1 Qd2 33. Qxd2 Bxd2
34. Nc2 Kf8 35. Kg4 Ke7 36. f4 Kd7 37. Kf3 Ba5 38. Ke3 Bd8 39. Kd3 Be7 40. Ne3
Bd8 41. g4 h6 42. f5 Be7 43. Ng2 Bg5 44. h4 Be7 45. h5 Bg5 46. Ne1 Bd8 47. Ke3
Bg5+ 48. Ke2 Bd8 49. Nd3 Bb6 50. Ke3 Ke7 51. Nf4 Bd8 52. Kd2 Bb6 53. Ke3 Bd8 54.
Nd3 Bb6 55. Nc5 Bd8 56. Na6 Bb6 57. Nb4 Bc7 58. Nc6+ Kd7 59. Na7 Bb6 60. Nb5 Ke7
61. Kf4 Ba5 62. Nd6 Bb4 63. Nb5 Ba5 64. Kf3 Bb6 65. Ke3 Kd7 66. Kd3 Ke7 67. Ke2
Bd8 68. Nd6 Bc7 69. Nb5 Bb6 70. Kd3 Bd8 71. Nc3 Bc7 72. Ne2 Bd8 73. Nc1 Ba5 74.
Nb3 Bb4 75. Nd2 Ba5 76. Nf3 Bd8 77. Kc3 Ba5+ 78. Kb3 Ke8 79. Ka4 Bd8 80. Kb5 Kd7
81. Ne1 Bg5 82. Nd3 Be3 83. Kc5 Bg5 84. Nb4 Be7+ 85. Kb5 Bg5 86. Nc6 Be3 87. Kc5
Bg5 88. Na5 Be7+ 89. Kb5 Bg5 90. Nb7 Be3 91. Kc5 Ke7 92. Nd6 Bg5 93. Kc6 Be3 94.
Nb5 Bg5 95. Kc7 Be3 96. fxe6 fxe6 97. Na7 Kf7 98. Nc6 Bf2 99. Kd7 Bh4 100. Nd8+
Kg8 101. Nxe6 Bf2 102. Kd6 Kf7 103. Kxd5 Ke7 104. Nxg7 1-0

[Event "HSG Open 2014"]
[Site "Hilversum NED"]
[Date "2014.06.22"]
[Round "5.1"]
[White "Rambaldi, Francesco"]
[Black "Van Kampen, Robin"]
[Result "1/2-1/2"]
[WhiteTitle "FM"]
[BlackTitle "GM"]
[WhiteElo "2413"]
[BlackElo "2631"]
[WhiteFideId "20657307"]
[BlackFideId "1020854"]
[EventDate "2014.06.20"]

1. e4 c5 2. Nf3 d6 3. Bb5+ Nc6 4. O-O Bd7 5. Re1 Nf6 6. c3 a6 7. Bf1 Bg4 8. h3
Bxf3 9. Qxf3 e6 10. d3 Be7 11. Qg3 O-O 12. Bh6 Ne8 13. Be3 d5 14. exd5 exd5 15.
Nd2 Bd6 16. Bf4 Bxf4 17. Qxf4 Nc7 18. Nf3 Ne6 19. Qd2 Qf6 20. d4 cxd4 21. cxd4
Rfd8 22. Rad1 Rac8 23. a3 g6 24. b4 Kg7 25. Re3 h5 26. h4 Ne7 27. g3 Nf5 28. Rd3
Nd6 29. Ne5 Nc4 30. Qe2 Nxd4 31. Rxd4 Qxe5 32. Qxe5+ Nxe5 33. Rxd5 Rxd5 34. Rxd5
Kf6 35. Rd6+ Ke7 36. Rb6 Rc7 37. Bg2 Rc1+ 38. Bf1 1/2-1/2

[Event "HSG Open 2014"]
[Site "Hilversum NED"]
[Date "2014.06.22"]
[Round "5.2"]
[White "Van Foreest, Jorden"]
[Black "Epishin, Vladimir"]
[Result "1/2-1/2"]
[WhiteTitle "FM"]
[BlackTitle "GM"]
[WhiteElo "2448"]
[BlackElo "2560"]
[WhiteFideId "1039784"]
[BlackFideId "4162714"]
[EventDate "2014.06.20"]

1. e4 c6 2. d4 d5 3. exd5 cxd5 4. c4 Nf6 5. Nc3 e6 6. Nf3 Bb4 7. Bd3 dxc4 8.
Bxc4 Qc7 9. Bd3 Bxc3+ 10. bxc3 Qxc3+ 11. Qd2 Qxd2+ 12. Bxd2 Nc6 13. Ke2 O-O 14.
Rhc1 Rd8 15. Be3 Nd5 16. Rab1 Nce7 17. a4 a5 18. Ne5 f6 19. Nc4 Bd7 20. Rxb7
Bxa4 21. Nb6 Nxb6 22. Rxb6 Nd5 23. Rxe6 Bb3 24. Ra6 a4 25. Ra1 Rxa6 26. Bxa6 Ra8
27. Bb7 Ra7 28. Bxd5+ Bxd5 29. Ra3 Kf7 30. g4 Ke6 31. Kd3 Ra6 32. Bd2 f5 33. h3
g6 34. Bb4 fxg4 35. hxg4 h5 36. Kd2 hxg4 37. Re3+ Kd7 38. Re5 Kc6 39. Ba3 Rb6
40. Rg5 Rb3 41. Rxg6+ Kb5 42. Bc5 Kc4 43. Rxg4 Rd3+ 44. Kc2 Rf3 45. Kd2 Rd3+ 46.
Kc2 Bf3 47. Rg1 Be4 48. Kb2 Rb3+ 49. Ka2 Bd5 50. Rb1 Kc3 51. Ka1 Kc2 52. Rxb3
axb3 53. Ba3 Bf3 54. d5 Bxd5 55. f4 1/2-1/2

[Event "HSG Open 2014"]
[Site "Hilversum NED"]
[Date "2014.06.22"]
[Round "5.3"]
[White "Dgebuadze, Alexandre"]
[Black "Ernst, Sipke"]
[Result "1/2-1/2"]
[WhiteTitle "GM"]
[BlackTitle "GM"]
[WhiteElo "2488"]
[BlackElo "2567"]
[WhiteFideId "203882"]
[BlackFideId "1004689"]
[EventDate "2014.06.20"]

1. e4 e5 2. Bc4 Nf6 3. d3 Nc6 4. Nf3 Bc5 5. a3 a6 6. h3 h6 7. Nc3 d6 8. Be3 Bxe3
9. fxe3 Ne7 10. d4 exd4 11. exd4 d5 12. exd5 Nfxd5 13. Nxd5 Nxd5 14. O-O Be6 15.
Qd2 Qd6 16. Ba2 b5 17. Rae1 O-O 18. c3 Ne3 19. Rxe3 Bxa2 20. Nh4 Be6 21. Nf5
Bxf5 22. Rxf5 Rfe8 23. Rfe5 Rxe5 24. Rxe5 f6 25. Re4 Rd8 26. Qe2 Kf7 27. Qh5+
Kf8 28. Kf2 c6 29. Qg6 Qd5 30. Qh7 a5 31. Rg4 Rd7 32. Re4 Rd8 33. Rg4 Qg8 34.
Qf5 Qd5 1/2-1/2

[Event "HSG Open 2014"]
[Site "Hilversum NED"]
[Date "2014.06.22"]
[Round "5.4"]
[White "Visser, Henk-Jan"]
[Black "Guliyev, Namig"]
[Result "0-1"]
[BlackTitle "GM"]
[WhiteElo "2259"]
[BlackElo "2550"]
[WhiteFideId "1010204"]
[BlackFideId "13400363"]
[EventDate "2014.06.20"]

1. e4 c5 2. Nf3 d6 3. d4 cxd4 4. Nxd4 Nf6 5. Nc3 a6 6. Be3 e6 7. a4 b6 8. g4 Bb7
9. Bg2 h6 10. h4 g6 11. g5 hxg5 12. hxg5 Rxh1+ 13. Bxh1 Nfd7 14. f4 Nc6 15. Nb3
Qc7 16. Qd2 Nc5 17. Nd4 Nxd4 18. Bxd4 e5 19. Be3 exf4 20. Bxf4 Ne6 21. Be3 Bg7
22. O-O-O Be5 23. Nd5 Bxd5 24. exd5 Nc5 25. Qb4 Rc8 26. c3 Kf8 27. Kb1 Qd7 28.
Bd4 a5 29. Qb5 Qxb5 30. axb5 Bxd4 31. cxd4 Nb3 32. Be4 Rc4 33. Bc2 a4 0-1

[Event "HSG Open 2014"]
[Site "Hilversum NED"]
[Date "2014.06.22"]
[Round "5.5"]
[White "Omearat, Adel"]
[Black "Pruijssers, Roeland"]
[Result "1/2-1/2"]
[WhiteTitle "FM"]
[BlackTitle "GM"]
[WhiteElo "2231"]
[BlackElo "2526"]
[WhiteFideId "7600240"]
[BlackFideId "1013068"]
[EventDate "2014.06.20"]

1. Nf3 d6 2. d4 g6 3. e4 Nf6 4. Nc3 Bg7 5. h3 O-O 6. Bg5 a6 7. e5 Nfd7 8. exd6
cxd6 9. Qd2 Nf6 10. Bh6 b5 11. Bxg7 Kxg7 12. Bd3 Bb7 13. Qe3 Nbd7 14. O-O Nb6
15. Rfe1 e6 16. Ng5 Rc8 17. Nce4 Nxe4 18. Nxe4 Nc4 19. Bxc4 Rxc4 20. c3 Bxe4 21.
Qxe4 Qb6 22. Re3 b4 23. h4 h5 24. Rae1 bxc3 25. bxc3 Qa5 26. Rg3 Rxc3 27. Rg5
Qb4 28. Rb1 Qa3 29. Kh2 Rc7 30. Rb3 Qxa2 31. Rbg3 Qc2 32. Qf4 Rc3 33. Rxc3 Qxc3
34. Rxh5 gxh5 1/2-1/2

[Event "HSG Open 2014"]
[Site "Hilversum NED"]
[Date "2014.06.22"]
[Round "5.6"]
[White "Hambleton, Aman"]
[Black "Nagtegaal, Kees"]
[Result "1/2-1/2"]
[WhiteTitle "IM"]
[WhiteElo "2468"]
[BlackElo "2227"]
[WhiteFideId "2606577"]
[BlackFideId "1012886"]
[EventDate "2014.06.20"]

1. d4 f5 2. c4 Nf6 3. h4 e6 4. g3 Be7 5. Nf3 O-O 6. Bg2 d6 7. Nc3 Ne4 8. Nxe4
fxe4 9. Ng5 d5 10. Bh3 Bb4+ 11. Bd2 Bxd2+ 12. Qxd2 Qf6 13. cxd5 exd5 14. Qf4 Nc6
15. Qxf6 Rxf6 16. Bxc8 Rxc8 17. e3 Nb4 18. O-O Nd3 19. Nh3 c5 20. dxc5 Rxc5 21.
Nf4 Nxf4 22. gxf4 d4 23. Rfc1 Rxc1+ 24. Rxc1 d3 25. f3 exf3 26. Kf2 Rb6 27. b3
Ra6 28. Kxf3 Rxa2 29. Rc7 b5 30. Rd7 d2 31. Ke2 Rb2 32. Rxa7 Rxb3 33. Kxd2 1/2-1/2

[Event "HSG Open 2014"]
[Site "Hilversum NED"]
[Date "2014.06.22"]
[Round "6.1"]
[White "Van Kampen, Robin"]
[Black "Van Foreest, Jorden"]
[Result "1-0"]
[WhiteTitle "GM"]
[BlackTitle "FM"]
[WhiteElo "2631"]
[BlackElo "2448"]
[WhiteFideId "1020854"]
[BlackFideId "1039784"]
[EventDate "2014.06.20"]

1. e4 c5 2. Nf3 e6 3. d4 cxd4 4. Nxd4 Nc6 5. Nc3 Qc7 6. Be3 a6 7. Qd2 Nf6 8.
O-O-O Bb4 9. f3 O-O 10. g4 b5 11. g5 Nh5 12. Nde2 Ne5 13. Ng3 Bxc3 14. bxc3 Nxf3
15. Qf2 Nxg3 16. hxg3 Qxc3 17. Qxf3 Qa3+ 18. Kd2 Qb4+ 19. c3 Qb2+ 20. Kd3 d5 21.
e5 Bd7 22. Bd4 b4 23. Ke3 Rfc8 24. Bd3 Rxc3 25. Bxc3 Qxc3 26. Kf2 1-0

[Event "HSG Open 2014"]
[Site "Hilversum NED"]
[Date "2014.06.22"]
[Round "6.2"]
[White "Epishin, Vladimir"]
[Black "Rambaldi, Francesco"]
[Result "1/2-1/2"]
[WhiteTitle "GM"]
[BlackTitle "FM"]
[WhiteElo "2560"]
[BlackElo "2413"]
[WhiteFideId "4162714"]
[BlackFideId "20657307"]
[EventDate "2014.06.20"]

1. d4 Nf6 2. Nf3 g6 3. g3 Bg7 4. Bg2 O-O 5. O-O d5 6. Nbd2 c6 7. c4 Bf5 8. b3 a5
9. Bb2 Nbd7 10. Re1 a4 11. Nh4 Be6 12. Qc2 Qa5 13. Rac1 Rfc8 14. e4 dxe4 15.
Nxe4 Nxe4 16. Bxe4 Nf8 17. Bc3 axb3 18. axb3 Qb6 19. Qb2 Rd8 20. Rcd1 Bg4 21.
Bf3 Bxf3 22. Nxf3 e6 23. h4 h5 24. Rd3 Qa7 25. Qe2 b5 26. Ne5 Qc7 27. Rf3 Bxe5
28. dxe5 bxc4 29. bxc4 Ra4 30. Rf4 Qa7 31. Qf3 Ra3 32. Re3 c5 33. Kg2 Rd7 34.
Qc6 Qb7 35. Qxb7 Rxb7 36. Bd2 Rxe3 37. Bxe3 Nd7 38. Re4 Rb4 39. Kf1 Nb6 1/2-1/2

[Event "HSG Open 2014"]
[Site "Hilversum NED"]
[Date "2014.06.22"]
[Round "6.3"]
[White "Pruijssers, Roeland"]
[Black "Guliyev, Namig"]
[Result "1/2-1/2"]
[WhiteTitle "GM"]
[BlackTitle "GM"]
[WhiteElo "2526"]
[BlackElo "2550"]
[WhiteFideId "1013068"]
[BlackFideId "13400363"]
[EventDate "2014.06.20"]

1. e4 c5 2. Nf3 d6 3. d4 cxd4 4. Nxd4 Nf6 5. Nc3 a6 6. Be3 e6 7. g4 h6 8. h3 g5
9. Bg2 Nbd7 10. Qe2 Ne5 11. f4 gxf4 12. Bxf4 Nfd7 13. O-O-O b5 14. Qf2 Bb7 15.
Kb1 Qc7 16. Nce2 O-O-O 17. Ng3 Kb8 18. Rhe1 Be7 19. Nh5 Bg5 20. Bg3 Ka8 21. Nf3
Rc8 22. Nxg5 hxg5 23. Re2 Rhd8 24. Qe3 Nc5 25. b3 Qe7 26. Red2 f6 27. Rd4 Rc6
28. Qd2 Bc8 29. h4 Rg8 30. Rxd6 Rxd6 31. Qxd6 Qxd6 32. Rxd6 Nxg4 33. e5+ Bb7 34.
Bxb7+ Kxb7 35. Nxf6 Nxf6 36. exf6 gxh4 37. Bxh4 Rg4 38. Bf2 Ne4 39. Rb6+ Kc7 40.
Be3 Nxf6 41. Rxa6 Re4 42. Bc5 Nd5 43. Kb2 Kb7 44. Ra7+ Kc6 45. Bg1 Re1 46. Rg7
Re2 47. Rg4 e5 48. a4 bxa4 49. Rc4+ Kb7 50. Rxa4 e4 51. Bc5 Kc6 52. b4 e3 53.
Kb3 Nf4 54. Ra6+ Kd5 55. Rd6+ Ke4 56. Rd8 Ne6 57. Re8 Kf5 58. Kc3 Re1 59. Kd3
Nf4+ 60. Kc4 e2 61. Be3 Rd1 62. Bxf4 e1=Q 63. Rxe1 Rxe1 64. Bd6 Ke6 65. Bc5 Kd7
66. Kb5 Kc7 67. Bd4 Kb7 68. c4 Rd1 69. Be5 Re1 70. Bd6 Rc1 71. Kc5 Rd1 72. Bf4
Rf1 73. Be5 Rh1 74. b5 Rh5 75. Kd6 Rh6+ 76. Kd5 Kb6 77. Bd4+ Ka5 78. Kc5 Rh5+
79. Kc6 Kb4 80. b6 Kxc4 81. b7 Rh6+ 82. Kc7 Rh7+ 83. Kc8 Rxb7 84. Kxb7 Kxd4 1/2-1/2

[Event "HSG Open 2014"]
[Site "Hilversum NED"]
[Date "2014.06.22"]
[Round "6.4"]
[White "Sanijs, Frans"]
[Black "Ernst, Sipke"]
[Result "0-1"]
[BlackTitle "GM"]
[WhiteElo "2045"]
[BlackElo "2567"]
[WhiteFideId "1015982"]
[BlackFideId "1004689"]
[EventDate "2014.06.20"]

1. c4 Nf6 2. g3 c6 3. Bg2 d5 4. Nf3 dxc4 5. O-O Nbd7 6. Qc2 Nb6 7. Na3 Qd5 8.
Nh4 Qd4 9. Nf3 Qe4 10. d3 cxd3 11. exd3 Qd5 12. Ng5 Qd8 13. Qb3 e6 14. Nc4 h6
15. Nf3 Be7 16. Be3 Nbd5 17. Bd4 b6 18. Rac1 c5 19. Be5 O-O 20. d4 Nd7 21. Bd6
Bxd6 22. Nxd6 Ba6 23. Rfd1 cxd4 24. Qa3 Nc5 25. b4 Nxb4 26. Rxd4 Nd5 27. Ne4
Nxe4 28. Qxa6 Nc5 29. Qe2 Rc8 30. Rcd1 Qc7 31. Qe1 Rfd8 32. Qd2 Rd7 33. Re1 Ne7
34. Ne5 Rxd4 35. Qxd4 Nf5 36. Qg4 Rd8 37. Qe2 Rd6 38. Qb5 Nd7 39. Nc4 Rd4 40.
Bf1 Nd6 0-1

[Event "HSG Open 2014"]
[Site "Hilversum NED"]
[Date "2014.06.22"]
[Round "6.6"]
[White "Hambleton, Aman"]
[Black "Omearat, Adel"]
[Result "0-1"]
[WhiteTitle "IM"]
[BlackTitle "FM"]
[WhiteElo "2468"]
[BlackElo "2231"]
[WhiteFideId "2606577"]
[BlackFideId "7600240"]
[EventDate "2014.06.20"]

1. d4 Nf6 2. c4 e6 3. Nc3 Bb4 4. Qc2 O-O 5. a3 Bxc3+ 6. Qxc3 b6 7. Bg5 Bb7 8. f3
d6 9. e4 c5 10. dxc5 bxc5 11. Bd3 Nc6 12. Nh3 e5 13. Nf2 h6 14. Be3 a5 15. O-O
a4 16. f4 exf4 17. Bxf4 Re8 18. Rae1 Ne5 19. Bc2 Ng6 20. Bd2 Qe7 21. Qf3 Nd7 22.
Nd1 Nde5 23. Qe2 Qh4 24. Ne3 Ne7 25. Bc3 Qg5 26. Qd1 Red8 27. Nd5 N7g6 28. Rf5
Qh4 29. Re3 Bxd5 30. cxd5 Rdb8 31. Qf1 Qe7 32. Rg3 Qa7 33. Kh1 Rb7 34. h4 Nxh4
35. Rxe5 dxe5 36. Rxg7+ Kxg7 37. Bxe5+ Kf8 38. Qf6 Ng6 39. Bc3 Qa6 40. d6 Qc4
41. Qg7+ Ke8 42. e5 Qf1+ 43. Kh2 Qf4+ 44. Kg1 Qc1+ 45. Kh2 Qxc2 46. e6 Qf5 47.
Qg8+ Nf8 48. e7 Rxe7 49. Bg7 Qf4+ 0-1